• 首页
  • 本馆介绍
  • 公告通知
  • 最新文献
  • 馆藏检索
  • 电子资源
  • 读者导购
  • 参考咨询
  • 我的图书馆
  • 登录
  • 详细信息显示
  • 放入我的书架
  • 预约/预借图书
  • 作者相关作品
  • 分类相关作品
  • 丛书相关作品
  • 出版社相关作品

书目信息

  • 表格格式
  • 工作单格式
  • 卡片格式
题名:
拖拉机修理
    
 
作者: ;《拖拉机修理》编写组 编
分册: 第三篇   电气设备修理
出版信息: 北京   机械工业出版社  1979
页数: 184页
开本: 19cm
丛书名: 农业机械化丛书
单 册:
中图分类: S232
科图分类:
主题词: 拖拉机-电气设备--维修 , 拖拉机--维修 , 电气设备-拖拉机--维修 , 农业机械化
电子资源:
ISBN:
000 00827nam2 2200277 45
001 0179004087
005 20060728093016.96
010    @dCNY0.43
091    @a15033.4559
100    @a19950802d1979 em y0chiy0121 ea
101 0  @achi
102    @aCN@b110000
105    @ay z 000yy
200 10 @a拖拉机修理@Atuo la ji xiu li@h第三篇@i电气设备修理@f《拖拉机修理》编写组编@F《tuo la ji xiu li》bian xie zu bian
210    @a北京@c机械工业出版社@d1979
215    @a184页@d19cm
225 2  @a农业机械化丛书
410  0 @120010@a农业机械化丛书
606    @a拖拉机-电气设备@x维修
606    @a拖拉机@x维修
606    @a电气设备-拖拉机@x维修
606 0  @a农业机械化
690    @aS232@v4
711  0 @a《拖拉机修理》编写组@A《tuo la ji xiu li》bian xie zu@4编
801  0 @aCN@bTSSF@c20060728
905    @a10447@dS232@e3:3
    
    拖拉机修理.第三篇.电气设备修理/《拖拉机修理》编写组编.-北京:机械工业出版社,1979
    184页;19cm.-(农业机械化丛书)
    
    
    ISBN :CNY0.43
    
●
相关链接 在E读中查询图书 在五车中查询图书 在当当中查询图书 在豆瓣中查询图书


正题名:拖拉机修理     索取号:S232/3:3         预约/预借

序号 登录号 条形码 馆藏地/架位号 状态 备注
1 0005213   202332047   密集书库/ [索取号:S232/3:3] 在馆    
2 0005214   202260070   密集书库/ [索取号:S232/3:3] 在馆    
3 0005216   202330833   密集书库/ [索取号:S232/3:3] 在馆    
4 0438656   204386565   密集书库/ [索取号:S232/3:3] 在馆    
5 0438657   204386574   密集书库/ [索取号:S232/3:3] 在馆    
唐山师范学院图书馆 欢迎您!
大连网信软件有限公司© 版权所有